Normal view
MARC view
- French, Richard H.
Entry Personal Name
001 - CONTROL NUMBER
- control field: 4696
003 - CONTROL NUMBER IDENTIFIER
- control field: NUST
005 - DATE AND TIME OF LATEST TRANSACTION
- control field: 20170920140311.0
008 - FIXED-LENGTH DATA ELEMENTS
- fixed length control field: 170920|| aca||aabn | a|a d
040 ## - CATALOGING SOURCE
- Original cataloging agency: NUST
- Transcribing agency: NUST
100 ## - HEADING--PERSONAL NAME
- Personal name: French, Richard H.
670 ## - SOURCE DATA FOUND
- Source citation: Work cat.: (NUST)0: French, Richard H., Open-channel hydraulics /, c1985.
